Statistics for Bordering Countries by HDI Difference

Click here to take the quiz!

General Stats

  • This quiz has been taken 26,218 times
    (14,825 since last reset)
  • The average score is 24 of 31

Answer Stats

Country% Correct
China
96%
North Korea
95%
South Korea
94%
Egypt
91%
Iran
90%
Israel
89%
Syria
89%
Saudi Arabia
89%
Iraq
89%
Yemen
88%
Oman
88%
Pakistan
87%
Jordan
87%
Afghanistan
87%
Lebanon
84%
Nepal
83%
Niger
81%
Chad
79%
Libya
79%
Algeria
79%
Mali
76%
Kazakhstan
70%
Mauritania
70%
Kyrgyzstan
65%
Haiti
65%
Dominican Republic
64%
Chile
64%
Argentina
64%
Bolivia
63%
France
52%
Suriname
45%

Score Distribution

Percentile by Number Answered

Percent of People with Each Score

Your Score History

You have not taken this quiz since the last reset